000 01536nam a2200229Ia 4500
008 0000001993 pr a 0000000000spa00
090 _aPPR00 M17d
100 1 _aMartorell, Antonio
_d1939
245 1 0 _aDiogenes Ballester
_b: celebración espiritual = spiritual celebration, pinturas y dibujos = paintings and drawings
_c/ ensayos Antonio Martorell, José Antonio Pérez Ruiz, Marco Rosado Conde ; traducciones Ted Kuster, Antonio Martorell ; fotografías Johnny Betancourt, Hiram Maristany, Julián Espinal
300 _a[42] p.
_c/ 28 cm.
500 _aExposición realizada en Museo de las Américas, San Juan (Puerto Rico), Septiembre 26 Diciembre 31, 1993 \ Texto bilingue: español e inglés \ Con el patronazgo del maestro venezolano Jesús Rafael Soto (q.e.p.d.) \
501 _aY dónde está mi cuadro / Antonio Martorell Celebración espiritual / José Antonio Pérez Ruíz El espíritu herido: ensayo biográfico y crítico de la obra de Diógenes Ballester / Marco Rosado Conde
600 0 0 _aBALLESTER, DIOGENES, 1956/
_xTRABAJOS PICTORICOS
650 1 4 _aARTE CONTEMPORANEO PUERTORRIQUEÑO
650 1 4 _xCATALOGOS
650 1 4 _xEXPOSICIONES
650 1 4 _aPINTORES PUERTORRIQUEÑOS
650 1 4 _aPINTURA PUERTORRIQUEÑA
700 1 _aPérez Ruiz, José Antonio \ Rosado Conde, Marco \ Kuster, Ted, tr. \ Betancourt, Johnny \ Maristany, Hiram \ Espinal, Julián
999 _c5391
_d5391
260 _aSan Juan (Puerto Rico) : Museo de las Américas
_c1993